History Quiz

Random History or Country Quiz

Quick Pick: Famous Japanese Quiz Stats

Quiz not verified by Sporcle

Challenge
Share
Tweet
Embed
Score 0/10 Timer 01:00
0 Plays Today
% Correct
Yoko Ono
95.1%
Hirohito
90%
Akira Kurosawa
74.2%
Dōgen
63.8%
Hayao Miyazaki
61.5%
Haruki Murakami
61.1%
Ichiro Suzuki
60.8%
Isoroku Yamamoto
57.3%
Masayori 'Masi' Oka
50.9%
Miyamoto Musashi
35.8%

You're not logged in!

Compare scores with friends on all Sporcle quizzes.
Join for Free
OR
Log In

You Might Also Like...

Show Comments

Extras

Top Quizzes Today


Score Distribution

Your Account Isn't Verified!

In order to create a playlist on Sporcle, you need to verify the email address you used during registration. Go to your Sporcle Settings to finish the process.

Report this User

Report this user for behavior that violates our Community Guidelines.

Details: